000 00811nam a2200241Ia 4500
003 OSt
005 20220923221645.0
006 a|||||r|||| 00| 0
007 ta
008 220922b |||||||| |||| 00| 0 hin d
024 _a199,089
037 _cTextual
040 _aARTS
_cARTS
_bhin
041 _2hin
_ahin
082 _aP1528v, 152N4
100 _aहर्ष, हरदान
245 0 _aराजस्थानी भाषा साहित्य और संस्कृति
246 _aRājasthānī bhāṣhā sāhitya aur sanskṛuti
260 _aजयपुर
_b आर्शीवाद पब्लिकेशन्स
_c1994
300 _a254पृ.
_ccm.
942 _hP1528v, 152N4
_cTEXL
_2CC
999 _c350868
_d350868